<?xml version="1.0" encoding="UTF-8"?>
<record
    xmlns:xsi="http://www.w3.org/2001/XMLSchema-instance"
    xsi:schemaLocation="http://www.loc.gov/MARC21/slim http://www.loc.gov/standards/marcxml/schema/MARC21slim.xsd"
    xmlns="http://www.loc.gov/MARC21/slim">

  <leader>03213nam a2200349 a 4500</leader>
  <controlfield tag="003">CHAP</controlfield>
  <controlfield tag="005">20250127144633.0</controlfield>
  <controlfield tag="007">ta</controlfield>
  <controlfield tag="008">250127s2017    -ukpd|kfr|||| 001 0 eng d</controlfield>
  <datafield tag="020" ind1=" " ind2=" ">
    <subfield code="a">978-1-78639-035-6</subfield>
  </datafield>
  <datafield tag="040" ind1=" " ind2=" ">
    <subfield code="a">Z</subfield>
    <subfield code="c">CHAP</subfield>
    <subfield code="e">rda</subfield>
  </datafield>
  <datafield tag="041" ind1="0" ind2=" ">
    <subfield code="b">Ingl&#xE9;s</subfield>
    <subfield code="f">Ingl&#xE9;s</subfield>
  </datafield>
  <datafield tag="082" ind1="0" ind2="0">
    <subfield code="a">574.015195</subfield>
    <subfield code="b">K37 2017</subfield>
    <subfield code="2">20</subfield>
  </datafield>
  <datafield tag="100" ind1="1" ind2=" ">
    <subfield code="a">Kaps, Miroslav</subfield>
    <subfield code="9">189940</subfield>
    <subfield code="e">autor</subfield>
  </datafield>
  <datafield tag="245" ind1="1" ind2="0">
    <subfield code="a">Biostatistics for Animal Science /</subfield>
    <subfield code="c">Miroslav Kaps y William R. Lamberson</subfield>
  </datafield>
  <datafield tag="250" ind1=" " ind2=" ">
    <subfield code="a">tercera edici&#xF3;n</subfield>
  </datafield>
  <datafield tag="264" ind1=" " ind2="1">
    <subfield code="a">Wallingford, Oxfordshire, Reino Unido :</subfield>
    <subfield code="b">CABI,</subfield>
    <subfield code="c">2017</subfield>
  </datafield>
  <datafield tag="300" ind1=" " ind2=" ">
    <subfield code="a">xiv, 547 p&#xE1;ginas :</subfield>
    <subfield code="b">gr&#xE1;ficas, tablas, formularios</subfield>
  </datafield>
  <datafield tag="336" ind1=" " ind2=" ">
    <subfield code="2">rdacontent</subfield>
    <subfield code="a">texto</subfield>
    <subfield code="b">txt</subfield>
  </datafield>
  <datafield tag="337" ind1=" " ind2=" ">
    <subfield code="2">rdamedia</subfield>
    <subfield code="a">sin medio</subfield>
    <subfield code="b">n</subfield>
  </datafield>
  <datafield tag="338" ind1=" " ind2=" ">
    <subfield code="2">rdacarrier</subfield>
    <subfield code="a">volumen</subfield>
    <subfield code="b">nc</subfield>
  </datafield>
  <datafield tag="500" ind1=" " ind2=" ">
    <subfield code="a">ej.1: consumo</subfield>
  </datafield>
  <datafield tag="504" ind1=" " ind2=" ">
    <subfield code="a">Bibliograf&#xED;a: p&#xE1;ginas 537 - 539</subfield>
  </datafield>
  <datafield tag="505" ind1="0" ind2=" ">
    <subfield code="a">Prefasce -- Chapter 1. Presenting and summarizing data -- Chapter 2. Probability -- Chapter 3. Random variables and their distributions -- Chapter 4. Population and sample -- Chapter 5. Estimation of parameters -- Chapter 6. Hypothesis testing -- Chapter 7. Simple linear regression -- Chapter 8. Correlation -- Chapter 9. Multiple linear regression -- Chapter 10. Curvilinear regression -- Chapter 11. Fixed effects one-way analysis of variance -- Chapter 12. Random effects one-way analysis of variance -- Chapter 13. Mixed models -- Chapter 14. Concepts of experimental design -- Chapter 15. Blocking -- Chapter 16. Change-over designs -- Chapter 17. Factorial experiments -- Chapter 18. Hierarchical or nested design -- Chapter 19. Split-plot design -- Chapter 20. Analysis of covariance -- Chapter 21. Repeated measures -- Chapter 22. Analysis of numerical treatment levels -- Chapter 23. Discrete, categorical and other non-normal dependent variables -- Solution of exercises -- Apendix A -- Apendix B -- Bibliography -- Subjet index.</subfield>
  </datafield>
  <datafield tag="520" ind1=" " ind2=" ">
    <subfield code="a">Designed to cover techniques for analysis of data in the animal sciences, this popular textbook provides an overview of the basic principles of statistics enabling the subsequent applications to be carried out with familiarity and understanding. Each chapter begins by introducing a problem with practical questions, followed by a brief theoretical background. Most topics are followed up with numerical examples to illustrate the methods described using data-sets from animal sciences and related fields. The same examples are then solved using the SAS software package. 
Key features of this third edition:
- Updated throughout, and covers a wealth of new distributions and new material on non-normal dependent variables
- Improved clarity of text and examples
- Includes both basic techniques and more complex procedures to provide an essential resource whatever your level
- Contains exercises and many worked examples in SAS.
Written primarily for students and researchers in animal sciences, the text is also useful for those studying agricultural, biological, and veterinary sciences.</subfield>
  </datafield>
  <datafield tag="534" ind1=" " ind2=" ">
    <subfield code="p">T&#xED;tulo original:</subfield>
  </datafield>
  <datafield tag="650" ind1="1" ind2="7">
    <subfield code="a">Biometr&#xED;a</subfield>
    <subfield code="9">12831</subfield>
  </datafield>
  <datafield tag="650" ind1="1" ind2="3">
    <subfield code="a">An&#xE1;lisis de varianza</subfield>
    <subfield code="9">5977</subfield>
  </datafield>
  <datafield tag="650" ind1="1" ind2="7">
    <subfield code="a">Probabilidades</subfield>
    <subfield code="9">91687</subfield>
  </datafield>
  <datafield tag="700" ind1="1" ind2=" ">
    <subfield code="a">Lamberson, William R. </subfield>
    <subfield code="9">189941</subfield>
    <subfield code="e">autor</subfield>
  </datafield>
  <datafield tag="942" ind1=" " ind2=" ">
    <subfield code="2">ddc</subfield>
    <subfield code="c">LIBRO</subfield>
  </datafield>
  <datafield tag="999" ind1=" " ind2=" ">
    <subfield code="c">220388</subfield>
    <subfield code="d">220388</subfield>
  </datafield>
  <datafield tag="952" ind1=" " ind2=" ">
    <subfield code="0">0</subfield>
    <subfield code="1">0</subfield>
    <subfield code="2">ddc</subfield>
    <subfield code="4">0</subfield>
    <subfield code="5">1</subfield>
    <subfield code="7">0</subfield>
    <subfield code="8">GRAL</subfield>
    <subfield code="a">Z</subfield>
    <subfield code="b">Z</subfield>
    <subfield code="d">2022-11-08</subfield>
    <subfield code="e">Compra Libreria UACh No. 40360</subfield>
    <subfield code="i">Consumo</subfield>
    <subfield code="l">0</subfield>
    <subfield code="o">574.015195 K37 2017</subfield>
    <subfield code="p">5102007522</subfield>
    <subfield code="r">2025-01-27 14:14:13</subfield>
    <subfield code="t">Ej.1</subfield>
    <subfield code="w">2025-01-27</subfield>
    <subfield code="y">LIBRO</subfield>
  </datafield>
</record>
